Ìwé àsà ìbílè Yorùbá/ Olúdáre Olájubù
Guardat en:
| Autor principal: | |
|---|---|
| Format: | Llibre |
| Idioma: | anglès |
| Publicat: |
Longman Publishers,
2011
|
| Etiquetes: |
Afegir etiqueta
Sense etiquetes, Sigues el primer a etiquetar aquest registre!
|
MARC
| LEADER | 00000nam a22000007a 4500 | ||
|---|---|---|---|
| 008 | 210122b ||||| |||| 00| 0 eng d | ||
| 020 | |a 978-978-026-441-3 | ||
| 100 | |a OLÁJUBÙ, Olúdáre | ||
| 245 | |a Ìwé àsà ìbílè Yorùbá/ Olúdáre Olájubù | ||
| 250 | |b 3rd ed | ||
| 260 | |b Longman Publishers, |c 2011 |h Lagos |i 681100 |l PL8821 .Ol1 | ||
| 942 | |a lcc |c BK |e j o ifatola |f 22/1/2021 | ||
| 952 | |0 0 |1 0 |2 lcc |4 0 |6 PL8821 O L1 |7 0 |9 1463 |a HOL |b HOL |c LP |d 2021-01-22 |l 0 |o PL8821 .Ol1 |p 2021-0260 |r 2021-01-22 00:00:00 |w 2021-01-22 |y BK | ||
| 999 | |c 766 |d 766 | ||